000
00277nam a2200121Ia 4500
008
220204s9999 xx 000 0 und d
082
_a
678.763.2
_b
MUR
100
_a
Murray, D C
245
0
_a
Neoprenes
260
_a
Delaware
_b
Dupont
_c
1964
700
_a
Thompson
942
_c
BK
999
_c
23251
_d
23251